Rajiv Gandhi's assassination: the mystery unfolds (Record no. 395324)

000 -LEADER
fixed length control field 00518cam a22001577a 4500
008 - FIXED-LENGTH DATA ELEMENTS--GENERAL INFORMATION
fixed length control field 180718b2001 xxu||||| |||| 00| 0 eng d
020 ## - INTERNATIONAL STANDARD BOOK NUMBER
International Standard Book Number 8174762779
082 ## - DEWEY DECIMAL CLASSIFICATION NUMBER
Classification number I241x54 D15
100 ## - MAIN ENTRY--PERSONAL NAME
Personal name Dalal, Ramesh
245 ## - TITLE STATEMENT
Title Rajiv Gandhi's assassination: the mystery unfolds
Statement of responsibility, etc. by Ramesh Dalal
260 ## - PUBLICATION, DISTRIBUTION, ETC.
Place of publication, distribution, etc. New Delhi
Name of publisher, distributor, etc. UBS Publications
Date of publication, distribution, etc. 2001
300 ## - PHYSICAL DESCRIPTION
Extent 334p.
650 ## - SUBJECT ADDED ENTRY--TOPICAL TERM
Topical term or geographic name entry element India --Politics and government --1977-
650 ## - SUBJECT ADDED ENTRY--TOPICAL TERM
Topical term or geographic name entry element Prime ministers --Assassination --India
650 ## - SUBJECT ADDED ENTRY--TOPICAL TERM
Topical term or geographic name entry element Gandhi, Rajiv, 1944-1991 --Assassination
Holdings
Withdrawn status Lost status Damaged status Not for loan Permanent Location Current Location Date acquired Full call number Barcode Date last seen Price effective from Koha item type
        Indian Institute of Public Administration Indian Institute of Public Administration 2001-01-30 I241x54 D15 76243 2018-07-21 2018-07-21 Book

Powered by Koha